Las internacionales obreras
Kaydedildi:
| Yazar: | |
|---|---|
| Materyal Türü: | Kitap |
| Dil: | İspanyolca |
| Baskı/Yayın Bilgisi: |
Barcelona
Ediciones Martínez Roca S. A
1971
|
| Edisyon: | 2a. ed |
| Konular: | |
| Etiketler: |
Etiketle
Etiket eklenmemiş, İlk siz ekleyin!
|
MARC
| LEADER | 00000cam a2200000 a 4500 | ||
|---|---|---|---|
| 001 | UCD4189 | ||
| 003 | CL-VaPUC | ||
| 008 | 160701e19710000sp |||||||||||||||||spa|d | ||
| 082 | 0 | 4 | |a 322.2 |b KRI |2 21 |
| 100 | 0 | |a Kriegel, Annie |e author |9 587812 | |
| 245 | 1 | 4 | |a Las internacionales obreras |
| 250 | |a 2a. ed | ||
| 300 | |a 137 p | ||
| 942 | |c BK | ||
| 945 | |d 20160701 20:49:00 |a dcastane | ||
| 260 | |a Barcelona |b Ediciones Martínez Roca S. A |c 1971 | ||
| 600 | 0 | 7 | |a ASOCIACION INTERNACIONAL DE TRABAJADORES |2 CL-VaPUC |9 441312 |
| 650 | 0 | |a Proletariado |9 269152 | |
| 650 | 0 | |a Socialismo |9 255260 | |
| 651 | 0 | |a Europa |9 255156 | |
| 583 | |a last modification |c 20160701 20:49:00 |k Rodrigo Vera | ||
| 999 | |c 365131 |d 365129 | ||
| 952 | |0 0 |1 0 |3 erb |4 0 |6 322_200000000000000_KRI_1971 |7 0 |8 A |9 478877 |a FDOHBE |b FDOHBE |e Huesbe Llanos, Marco Antonio, 1934- |i 5332834 |o 322.2 KRI 1971 |p 5332834 |r 2024-01-30 |w 2019-11-24 |y BK |z Catalogado en:20160701 |k HBE | ||